61_読みが2文字以下の市区町村(ひらがな対応・五十音順) - Statistics

General Stats
  • This quiz has been taken 122 times
  • The average score is 138 of 163
Answer Stats
文字数 種類 都道府県名 市区町村名 % Correct
1 三重県 津市
100%
2 新潟県 佐渡市
100%
2 福岡県 赤村
97%
2 愛知県 あま市
97%
2 島根県 海士町
97%
2 長野県 伊那市
97%
2 埼玉県 伊奈町
97%
2 特別区 東京都 北区
97%
2 佐賀県 佐賀市
97%
2 熊本県 阿蘇市
95%
2 徳島県 阿波市
95%
2 長崎県 壱岐市
95%
2 静岡県 伊豆市
95%
2 三重県 伊勢市
95%
2 岐阜県 岐阜市
95%
2 岐阜県 関市
95%
2 奈良県 奈良市
95%
2 新潟県 阿賀町
92%
2 高知県 安芸市
92%
2 長野県 阿智村
92%
2 三重県 伊賀市
92%
2 高知県 いの町
92%
2 愛媛県 伊予市
92%
2 京都府 宇治市
92%
2 奈良県 宇陀市
92%
2 秋田県 男鹿市
92%
2 山梨県 甲斐市
92%
2 石川県 加賀市
92%
2 岐阜県 可児市
92%
2 高知県 香美市
92%
2 兵庫県 香美町
92%
2 宮城県 加美町
92%
2 埼玉県 久喜市
92%
2 広島県 呉市
92%
2 栃木県 佐野市
92%
2 神奈川県 座間市
92%
2 佐賀県 鳥栖市
92%
2 千葉県 野田市
92%
2 岩手県 野田村
92%
2 山口県 萩市
92%
2 大分県 日田市
92%
2 東京都 日野市
92%
2 滋賀県 | 鳥取県 日野町
92%
2 岐阜県 美濃市
92%
2 熊本県 宇土市
89%
2 兵庫県 小野市
89%
2 福島県 小野町
89%
2 埼玉県 加須市
89%
2 熊本県 球磨村
89%
2 茨城県 古河市
89%
2 福岡県 古賀市
89%
2 長野県 佐久市
89%
2 三重県 志摩市
89%
2 石川県 珠洲市
89%
2 愛知県 瀬戸市
89%
2 東京都 多摩市
89%
2 長野県 茅野市
89%
2 千葉県 千葉市
89%
2 沖縄県 名護市
89%
2 茨城県 阿見町
87%
2 鹿児島県 伊佐市
87%
2 京都府 伊根町
87%
2 熊本県 宇城市
87%
2 大分県 宇佐市
87%
2 福岡県 嘉麻市
87%
2 新潟県 加茂市
87%
2 岩手県 久慈市
87%
2 石川県 志賀町
87%
2 埼玉県 志木市
87%
2 長野県 諏訪市
87%
2 兵庫県 多可町
87%
2 岐阜県 土岐市
87%
2 高知県 土佐市
87%
2 高知県 土佐町
87%
2 三重県 鳥羽市
87%
2 茨城県 那珂市
87%
2 徳島県 那賀町
87%
2 石川県 能登町
87%
2 栃木県 壬生町
87%
2 岡山県 和気町
87%
2 京都府 井手町
84%
2 山口県 宇部市
84%
2 岐阜県 恵那市
84%
2 大分県 玖珠町
84%
2 広島県 坂町
84%
2 愛知県 知多市
84%
2 山梨県 都留市
84%
2 埼玉県 戸田市
84%
2 宮城県 登米市
84%
2 沖縄県 那覇市
84%
2 栃木県 野木町
84%
2 大阪府 能勢町
84%
2 石川県 能美市
84%
2 岐阜県 飛騨市
84%
2 静岡県 富士市
84%
2 茨城県 水戸市
84%
2 青森県 むつ市
84%
2 滋賀県 野洲市
84%
2 山口県 阿武町
82%
2 宮崎県 綾町
82%
2 沖縄県 伊江村
82%
2 秋田県 羽後町
82%
2 佐賀県 小城市
82%
2 茨城県 五霞町
82%
2 福岡県 志免町
82%
2 神奈川県 逗子市
82%
2 三重県 多気町
82%
2 佐賀県 多久市
82%
2 岡山県 奈義町
82%
2 茨城県 美浦村
82%
2 徳島県 美馬市
82%
2 北海道 | 静岡県 森町
82%
2 兵庫県 養父市
82%
2 長野県 麻績村
79%
2 長野県 木曽町
79%
2 長野県 木祖村
79%
2 青森県 佐井村
79%
2 千葉県 多古町
79%
2 北海道 | 福島県 伊達市
79%
2 高知県 田野町
79%
2 鳥取県 智頭町
79%
2 高知県 津野町
79%
2 宮崎県 都農町
79%
2 茨城県 利根町
79%
2 愛媛県 砥部町
79%
2 栃木県 那須町
79%
2 栃木県 芳賀町
79%
2 富山県 氷見市
79%
2 兵庫県 三木市
79%
2 香川県 三木町
79%
2 山口県 美祢市
79%
2 大阪府 八尾市
79%
2 福岡県 八女市
79%
2 岐阜県 下呂市
76%
2 奈良県 御所市
76%
2 鹿児島県 曽於市
76%
2 滋賀県 多賀町
76%
2 鹿児島県 知名町
76%
2 山口県 和木町
76%
2 福岡県 宇美町
74%
2 高知県 越知町
74%
2 沖縄県 金武町
74%
2 福岡県 須恵町
74%
2 大分県 日出町
74%
2 鳥取県 八頭町
74%
2 長崎県 佐々町
71%
2 岩手県 紫波町
71%
2 広島県 世羅町
71%
2 佐賀県 太良町
71%
2 島根県 知夫村
71%
2 徳島県 牟岐町
71%
2 大分県 由布市
71%
2 長野県 原村
68%
2 奈良県 曽爾村
66%
2 北海道 仁木町
66%
2 山形県 遊佐町
63%
2 北海道 由仁町
63%
2 和歌山県 由良町
63%
2 宮城県 利府町
63%
2 長野県 根羽村
58%
No matching quizzes found
Score Distribution
Percent of People with Each Score
Percentile by Number Answered
Your Score History
You have not taken this quiz